000 00500nam a2200145 4500
999 _c122149
_d122149
005 20210429123637.0
008 210429b ||||| |||| 00| 0 eng d
040 _cPK-LaUMT
082 _aRHC 320.95491
_bIRS-Z
100 _aIrshad Siddiqui = ارشاد صدیقی
245 _aZia ul Haq Afghanistan aur Kashmir = ضیا الحق افغانستان اور کشمیر /
_cby Irshad Siddiqui = ارشاد صدیقی
260 _aLahore :
_bFaran Nasharyat,
_c1992
300 _a303 p.
942 _cBK